000
00396nam a2200133Ia 4500
008
100328s9999 xx 000 0 und d
082
_b
63066
100
_a
राजवाडकर मदन.
245
_a
राज-लालसा.
260
_b
निंबकर आणि मंडळी.
630
_a
राज-लालसा.
730
_a
राज-लालसा.
942
_c
BOOK
999
_c
548988
_d
548985